Score 0/10 Timer 08:00
0 Plays Today
Player % Correct
Ernie Banks
96.9%
Ryne Sandberg
96.6%
Ron Santo
91.4%
Billy Williams
86%
Sammy Sosa
84.6%
Mark Grace
83.6%
Cap Anson
82.9%
Stan Hack
22.9%
Phil Cavarretta
17.5%
Jimmy Ryan
9.9%
Remove Ads.
Support Sporcle.
Get the best of Sporcle when you Go Orange. This ad-free experience offers more features, more stats, and more fun while also helping to support Sporcle. Thank you for becoming a member.

You're not logged in!

Compare scores with friends on all Sporcle quizzes.
OR
Log In

Show Comments

Extras

Top Quizzes Today


Score Distribution

Your Account Isn't Verified!

In order to create a playlist on Sporcle, you need to verify the email address you used during registration. Go to your Sporcle Settings to finish the process.

Report this User

Report this user for behavior that violates our Community Guidelines.

Details: